000
00438nam a2200145Ia 4500
008
100122s9999 xx 000 0 und d
082
_b
71101
_a
294.5
100
_a
कानडजे एस एम
245
_a
ओले मूळ भेदी
260
_b
स्वरुप प्रकाशन
_c
2006
300
_a
95
630
_a
ओले मूळ भेदी
730
_a
ओले मूळ भेदी
942
_c
BOOK
999
_c
441773
_d
441770